| 000 | 01056nam a22002297a 4500 | ||
|---|---|---|---|
| 005 | 20250721123642.0 | ||
| 008 | 250721b |||||||| |||| 00| 0 eng d | ||
| 037 | _cTB | ||
| 040 |
_aCRL _cCRL |
||
| 041 |
_2hin _ahin |
||
| 084 |
_aV2.C 152R0 _qCRL |
||
| 100 |
_aश्रीवास्तव, कृष्ण चन्द्र _9816211 |
||
| 245 | _aप्राचीन भारत का इतिहास तथा संस्कृति | ||
| 260 |
_aइलाहबाद, भारत: _bयूनाइटेड बुक डिपो, _c2020. |
||
| 300 | _a958पृ. | ||
| 365 |
_c620.00 _dINR |
||
| 650 | _aइतिहास | ||
| 650 |
_aभारत इतिहास _9732541 |
||
| 700 |
_aश्रीवास्तव, एम. _eलेखक _9816212 |
||
| 942 |
_2CC _cTB _hV2.C 152R0 _n0 |
||
| 999 |
_c1434159 _d1434159 |
||